| 000 | 00612nam a22002051a 4500 | ||
|---|---|---|---|
| 003 | AR-RoIUNI | ||
| 005 | 20190313162212.0 | ||
| 008 | 050902s1965 mx |||||||||||||| ||spa | ||
| 040 |
_aAR-BaBN _cIUNIR |
||
| 080 | _a614.2 PER | ||
| 100 | 1 | _aPerrodín, Cecilia M. | |
| 245 | 1 | 0 | _aSupervisión de los servicios de enfermería |
| 260 |
_aMéxico : _bCentro Regional de Ayuda Técnica, _c1965. |
||
| 300 |
_a407 p. _c24 cm. |
||
| 650 | 1 | 0 |
_986 _aEnfermería |
| 930 | 1 |
_lBNA01 _mLIBRO _600274350 _820110912 _f11 |
|
| 942 |
_2cdu _cBK |
||
| 956 |
_aGSL _b00 _c20110916 _lBNA01 _h0149 |
||
| 956 |
_aGSL _c20130614 _lBNA01 _h2144 |
||
| 999 |
_c4354 _d4354 |
||